Sources of Value Added in V4 Automotive GVCs: The Case of Transport and Storage Services and Firm Level Technology Absorption

Na minha lista:
Detalhes bibliográficos
Autor principal: Minárik, Marek
Outros Autores: Zábojník, Stanislav, 1984-, Pásztorová, Janka, 1960-
Formato: Capítulo de Livro
Idioma:inglês
Assuntos:
Tags: Adicionar Tag
Sem tags, seja o primeiro a adicionar uma tag!

MARC

LEADER 00000naa$a2200000$$$4500
001 0280752
005 20240502074347.8
041 0 |a eng 
044 |a SK 
245 1 0 |a Sources of Value Added in V4 Automotive GVCs: The Case of Transport and Storage Services and Firm Level Technology Absorption  |c Marek Minárik, Stanislav Zábojník, Janka Pásztorová 
500 |a abstrakt 
610 2 0 |a priemysel automobilový 
610 2 0 |a doprava 
610 2 0 |a skladovanie 
610 2 0 |a hodnota pridaná 
100 1 |a Minárik, Marek 
700 1 |a Zábojník, Stanislav, 1984- 
700 1 |a Pásztorová, Janka, 1960-